[Event "Tilburg op"]
[Site "Tilburg"]
[Date "2008.08.??"]
[Round "?"]
[White "Gharamian, Tigran"]
[Black "Peek, Maurice"]
[Result "1/2-1/2"]
[WhiteElo "2560"]
[BlackElo "2396"]
[PlyCount "74"]
[EventDate "2008.08.22"]
[EventType "swiss"]
[EventRounds "6"]
[EventCountry "NED"]
[SourceTitle "CBM 126 Extra"]
[Source "ChessBase"]
[SourceDate "2008.11.05"]
[SourceVersion "1"]
[SourceVersionDate "2008.11.05"]
[SourceQuality "1"]

1. e4 d5 2. exd5 Nf6 3. Nf3 Nxd5 4. d4 g6 5. c4 Nb6 6. Nc3 Bg7 7. c5 Nd5 8. Qb3 c6 9. Bc4 0-0 10. 0-0 Nxc3 11. bxc3 b5 12. cxb6 axb6 13. Ne5 e6 14. a4 Ba6 15. Rb1 Bxe5 16. dxe5 Qh4 17. Bxa6 Rxa6 18. Rd1 Qxa4 19. Qxa4 Rxa4 20. Bh6 Rc8 21. Rd6 Ra7 22. Rbd1 Re7 23. c4 Ree8 24. Rb1 Red8 25. Rxd8+ Rxd8 26. g3 Rc8 27. Rxb6 Nd7 28. Rb7 Nxe5 29. c5 Ng4 30. Bg5 Ne5 31. Kg2 Nd3 32. Be7 Ne1+ 33. Kf1 Nf3 34. Kg2 Nd4 35. Bf6 Nb5 36. Rb6 Kf8 37. Be5 Na3 1/2-1/2

[Event "Tilburg op"]
[Site "Tilburg"]
[Date "2008.08.??"]
[Round "?"]
[White "Peek, Maurice"]
[Black "Wantola, Ivo"]
[Result "0-1"]
[WhiteElo "2396"]
[BlackElo "2277"]
[PlyCount "108"]
[EventDate "2008.08.22"]
[EventType "swiss"]
[EventRounds "6"]
[EventCountry "NED"]
[SourceTitle "CBM 126 Extra"]
[Source "ChessBase"]
[SourceDate "2008.11.05"]
[SourceVersion "1"]
[SourceVersionDate "2008.11.05"]
[SourceQuality "1"]

1. d4 Nf6 2. c4 e6 3. g3 d5 4. Bg2 Be7 5. Nf3 0-0 6. 0-0 dxc4 7. Na3 Bxa3 8. bxa3 c5 9. dxc5 Na6 10. Qc2 Nxc5 11. Ne5 Bd7 12. Qxc4 Rc8 13. Rd1 Nce4 14. Qb4 Nc3 15. Bg5 Nxd1 16. Rxd1 Nd5 17. Bxd5 Qxg5 18. Nxd7 exd5 19. Nxf8 Rc1 20. Rxc1 Qxc1+ 21. Kg2 Qc8 22. Qe7 Qxf8 23. Qxb7 Qxa3 24. Qb8+ Qf8 25. Qxa7 g6 26. a4 Qe8 27. Qa6 Qe4+ 28. f3 Qc2 29. a5 d4 30. Qd3 Qa4 31. Qa6 h5 32. Qa8+ Kg7 33. Qd5 d3 34. exd3 Qc2+ 35. Kh3 Qf2 36. Qe5+ Kh7 37. Qf6 Kg8 38. a6 Qf1+ 39. Kh4 Qxd3 40. Kg5 Qe3+ 41. f4 Qc5+ 42. Kh4 Qc8 43. h3 Qc7 44. g4 Qa7 45. Qd6 hxg4 46. hxg4 Qg1 47. Kg5 Qa1 48. Qf6 Qa3 49. a7 Qf8 50. Qe5 Kh7 51. f5 Qh6+ 52. Kf6 Qg7+ 53. Kg5 Qxe5 54. a8Q f6+ 0-1

[Event "Maastricht Limburg op"]
[Site "Maastricht"]
[Date "2008.05.10"]
[Round "3"]
[White "Epishin, Vladimir"]
[Black "Peek, Maurice"]
[Result "1-0"]
[WhiteElo "2566"]
[BlackElo "2405"]
[PlyCount "85"]
[EventDate "2008.05.09"]
[EventType "swiss"]
[EventRounds "7"]
[EventCountry "NED"]
[SourceTitle "EXT 2009"]
[Source "ChessBase"]
[SourceDate "2008.11.26"]
[SourceVersion "1"]
[SourceVersionDate "2008.11.26"]
[SourceQuality "1"]

1. c4 Nf6 2. Nf3 e6 3. d4 Bb4+ 4. Bd2 Qe7 5. g3 Nc6 6. Nc3 Bxc3 7. Bxc3 Ne4 8. Rc1 d6 9. d5 Nxc3 10. Rxc3 Nd8 11. dxe6 Nxe6 12. Bg2 0-0 13. 0-0 Bd7 14. Re1 Bc6 15. e4 Qf6 16. Re2 Rfe8 17. Rce3 a5 18. b3 Re7 19. h4 Rae8 20. a3 g6 21. b4 axb4 22. axb4 Ra8 23. Qd2 Ra1+ 24. Re1 Re8 25. b5 Rxe1+ 26. Rxe1 Bd7 27. e5 dxe5 28. Nxe5 Bc8 29. Ng4 Qg7 30. Bd5 h5 31. Ne5 Kh7 32. Re3 f6 33. Nd3 Qf8 34. Qe1 Ng7 35. Nf4 Rxe3 36. Qxe3 b6 37. Be4 f5 38. Bd5 Ne8 39. Nxg6 Kxg6 40. Qg5+ Kh7 41. Qxh5+ Kg7 42. Qg5+ Kh7 43. Qd8 1-0

[Event "Maastricht Limburg op"]
[Site "Maastricht"]
[Date "2008.05.10"]
[Round "2"]
[White "Peek, Maurice"]
[Black "Van den Berg, Bram"]
[Result "1-0"]
[WhiteElo "2405"]
[BlackElo "2200"]
[PlyCount "61"]
[EventDate "2008.05.09"]
[EventType "swiss"]
[EventRounds "7"]
[EventCountry "NED"]
[SourceTitle "EXT 2009"]
[Source "ChessBase"]
[SourceDate "2008.11.26"]
[SourceVersion "1"]
[SourceVersionDate "2008.11.26"]
[SourceQuality "1"]

1. d4 d5 2. Nf3 h5 3. c4 h4 4. h3 Nf6 5. Nc3 Nc6 6. cxd5 Nxd5 7. e4 Nxc3 8. bxc3 e6 9. Bb5 f6 10. 0-0 a6 11. Bxc6+ bxc6 12. Qa4 Bd7 13. Ba3 Bd6 14. Bxd6 cxd6 15. Qa3 Qc7 16. e5 dxe5 17. dxe5 c5 18. Rfe1 Kf7 19. Rad1 Bc6 20. Qxc5 Rac8 21. Qe3 Bd5 22. exf6 gxf6 23. Rxd5 exd5 24. Qe6+ Kg7 25. Qg4+ Kf7 26. Nxh4 Qxc3 27. Qd7+ Kg8 28. Re8+ Rxe8 29. Qxe8+ Kg7 30. Nf5+ Kh7 31. Qf7# 1-0

[Event "Maastricht Limburg op"]
[Site "Maastricht"]
[Date "2007.05.27"]
[Round "4"]
[White "Peek, Maurice"]
[Black "Arnelind, Mikael"]
[Result "1-0"]
[WhiteElo "2365"]
[BlackElo "2155"]
[PlyCount "113"]
[EventDate "2007.05.25"]
[EventType "swiss"]
[EventRounds "7"]
[EventCountry "NED"]
[SourceTitle "CBM 118 Extra"]
[Source "ChessBase"]
[SourceDate "2007.07.04"]
[SourceVersion "1"]
[SourceVersionDate "2007.07.04"]
[SourceQuality "1"]

1. d4 Nf6 2. c4 e6 3. g3 d5 4. Bg2 Bb4+ 5. Nd2 Nc6 6. Ngf3 dxc4 7. Qc2 b5 8. a4 Bb7 9. axb5 Nxd4 10. Qxc4 Qd5 11. Qxd5 Bxd5 12. Nxd4 Bxg2 13. Rg1 Bb7 14. Ra4 Bc5 15. N4b3 Bb6 16. Nc4 0-0 17. Be3 Bd5 18. Bd4 Rfd8 19. f3 e5 20. Bc5 Nd7 21. Bf2 Bxf2+ 22. Kxf2 Nb6 23. Nxb6 axb6 24. Rb4 Be6 25. Rc1 Rd7 26. Rc2 Kf8 27. Nc1 Ke7 28. f4 exf4 29. gxf4 Kd8 30. e4 g6 31. Ne2 Rd1 32. Ke3 Raa1 33. Rd4+ Rxd4 34. Kxd4 Ra5 35. Nc3 Ra1 36. Rf2 Bd7 37. Ke5 f5 38. exf5 Bxf5 39. Rd2+ Kc8 40. Kf6 Re1 41. Re2 Rxe2 42. Nxe2 Bd3 43. Nd4 Kd7 44. h4 Kd6 45. Ne6 Kd5 46. Nxc7+ Ke4 47. Kg5 Kf3 48. Ne6 Kg3 49. Nf8 h6+ 50. Kxh6 Kxh4 51. Nxg6+ Kg3 52. Kg5 Bxb5 53. f5 Kf2 54. Ne5 Ke3 55. f6 Be8 56. Nc4+ Kd4 57. Nd6 1-0

[Event "NED-chT 0506"]
[Site "Netherlands"]
[Date "2006.03.25"]
[Round "8.2"]
[White "Hansen, Sune Berg"]
[Black "Peek, Maurice"]
[Result "1-0"]
[WhiteElo "2555"]
[BlackElo "2383"]
[PlyCount "77"]
[EventDate "2005.09.24"]
[EventType "team"]
[EventRounds "9"]
[EventCountry "NED"]
[SourceTitle "EXT 2007"]
[Source "ChessBase"]
[SourceDate "2006.11.23"]
[SourceVersion "1"]
[SourceVersionDate "2006.11.23"]
[SourceQuality "1"]
[WhiteTeam "Homburg Apeldoorn"]
[BlackTeam "Tilburg"]
[WhiteTeamCountry "NED"]
[BlackTeamCountry "NED"]

1. e4 d5 2. exd5 Nf6 3. Bb5+ Bd7 4. Be2 Nxd5 5. d4 Bf5 6. Nf3 e6 7. 0-0 Bd6 8. Re1 0-0 9. a3 Nd7 10. c4 Nf4 11. Bf1 c5 12. Nc3 a6 13. Ne4 Bxe4 14. Rxe4 Ng6 15. dxc5 Bxc5 16. b4 Nf6 17. Re1 Qxd1 18. Rxd1 Be7 19. Re1 a5 20. Bd2 axb4 21. axb4 Rfd8 22. g3 h6 23. h3 Rxa1 24. Rxa1 Ne4 25. Be1 Bf6 26. Rc1 b6 27. c5 bxc5 28. bxc5 Ne7 29. c6 Ra8 30. Bb4 Nc8 31. Rd1 Be7 32. Be1 Kf8 33. Ne5 Bd6 34. Nc4 Ke7 35. Rb1 Nc5 36. Nxd6 Nxd6 37. Bb4 Na6 38. Bxa6 Rxa6 39. Rc1 1-0

[Event "NED-chT 0506"]
[Site "Netherlands"]
[Date "2005.10.15"]
[Round "2.2"]
[White "Peek, Maurice"]
[Black "Levin, Felix"]
[Result "1/2-1/2"]
[WhiteElo "2383"]
[BlackElo "2506"]
[PlyCount "86"]
[EventDate "2005.09.24"]
[EventType "team"]
[EventRounds "9"]
[EventCountry "NED"]
[SourceTitle "EXT 2007"]
[Source "ChessBase"]
[SourceDate "2006.11.23"]
[SourceVersion "1"]
[SourceVersionDate "2006.11.23"]
[SourceQuality "1"]
[WhiteTeam "Tilburg"]
[BlackTeam "Calder HMC"]
[WhiteTeamCountry "NED"]
[BlackTeamCountry "NED"]

1. d4 Nf6 2. c4 e6 3. g3 d5 4. Nf3 Bb4+ 5. Nbd2 dxc4 6. Bg2 b5 7. Ne5 Nd5 8. 0-0 0-0 9. a4 c6 10. e4 Ne7 11. Ndf3 f6 12. Ng4 a5 13. h4 e5 14. Ne3 exd4 15. Nxd4 Bc5 16. Nec2 Qb6 17. Be3 Ra7 18. Qe2 Na6 19. Rfd1 Nb4 20. Nxb4 axb4 21. axb5 Rxa1 22. Qxc4+ Kh8 23. Rxa1 cxb5 24. Qxb5 Qxb5 25. Nxb5 Bxe3 26. fxe3 Bg4 27. Nd4 h5 28. Ra4 Rb8 29. Bf1 Ng6 30. Kf2 Ne5 31. Ke1 Bf3 32. Nxf3 Nxf3+ 33. Ke2 Ne5 34. Bh3 Rb7 35. Be6 Kh7 36. Bf5+ g6 37. Be6 Kg7 38. Kd2 g5 39. hxg5 fxg5 40. Ra5 Kf6 41. Ra6 Kg7 42. Ra5 Kf6 43. Ra6 Kg7 1/2-1/2

[Event "Vlissingen HZ op 09th"]
[Site "Vlissingen"]
[Date "2005.08.12"]
[Round "7"]
[White "Peek, Maurice"]
[Black "Volke, Karsten"]
[Result "1-0"]
[WhiteElo "2366"]
[BlackElo "2477"]
[PlyCount "77"]
[EventDate "2005.08.06"]
[EventType "swiss"]
[EventRounds "9"]
[EventCountry "NED"]
[SourceTitle "CBM 107 Extra"]
[Source "ChessBase"]
[SourceDate "2005.09.01"]
[SourceVersion "1"]
[SourceVersionDate "2005.09.01"]
[SourceQuality "1"]

1. d4 Nf6 2. c4 e6 3. g3 c5 4. Nf3 cxd4 5. Nxd4 a6 6. Bg2 Qc7 7. b3 Bb4+ 8. Bd2 Bc5 9. Bc3 d5 10. cxd5 Nxd5 11. Bb2 0-0 12. 0-0 Rd8 13. Nd2 Bxd4 14. Bxd4 Nc6 15. Bb2 e5 16. Rc1 Be6 17. Qe1 Qa5 18. a3 Ne3 19. Bc3 Nxg2 20. Bxa5 Nxe1 21. Bxd8 Rxd8 22. Ne4 Bd5 23. f3 Nxf3+ 24. exf3 Nd4 25. Rc7 Bc6 26. Nc5 b6 27. Ne4 f5 28. Nd2 Bb5 29. Nc4 Nxb3 30. Re1 Nd4 31. Nxe5 f4 32. Kf2 Ne6 33. Rc2 Nc5 34. gxf4 Rd4 35. Ke3 Ra4 36. Rc3 Ne6 37. Rc8+ Nf8 38. Rd1 Rxa3+ 39. Kf2 1-0

[Event "Vlissingen HZ op 09th"]
[Site "Vlissingen"]
[Date "2005.08.07"]
[Round "2"]
[White "Peek, Maurice"]
[Black "Fuchs, Thomas"]
[Result "1-0"]
[WhiteElo "2366"]
[BlackElo "2080"]
[PlyCount "71"]
[EventDate "2005.08.06"]
[EventType "swiss"]
[EventRounds "9"]
[EventCountry "NED"]
[SourceTitle "CBM 107 Extra"]
[Source "ChessBase"]
[SourceDate "2005.09.01"]
[SourceVersion "1"]
[SourceVersionDate "2005.09.01"]
[SourceQuality "1"]

1. d4 Nf6 2. c4 c5 3. d5 b5 4. cxb5 a6 5. Nc3 g6 6. e4 d6 7. b6 Qxb6 8. Bc4 Bg7 9. f4 0-0 10. Nf3 Bg4 11. 0-0 Nbd7 12. Qe2 Ne8 13. h3 Bxf3 14. Rxf3 Nc7 15. a4 Rfb8 16. h4 Bd4+ 17. Kh1 h5 18. a5 Qb4 19. Ra4 Qb7 20. e5 Nf8 21. Qe4 Kg7 22. b3 Nd7 23. Ne2 dxe5 24. Nxd4 exd4 25. f5 Nf6 26. Qf4 Rh8 27. fxg6 Ncxd5 28. Qg5 Rad8 29. gxf7+ Kxf7 30. Ra2 Ke6 31. Re2+ Kd6 32. Bf4+ Nxf4 33. Qxf4+ Kd7 34. Rxe7+ Kxe7 35. Qxf6+ Kd7 36. Qe6+ 1-0

[Event "Neckar op-A 9th"]
[Site "Deizisau"]
[Date "2005.03.26"]
[Round "4.9"]
[White "Mchedlishvili, Mikheil"]
[Black "Peek, Maurice"]
[Result "1-0"]
[WhiteElo "2515"]
[BlackElo "2409"]
[PlyCount "53"]
[EventDate "2005.03.24"]
[EventType "swiss"]
[EventRounds "9"]
[EventCountry "GER"]
[SourceTitle "EXT 2015"]
[Source "ChessBase"]
[SourceDate "2014.11.20"]
[SourceVersion "1"]
[SourceVersionDate "2014.11.20"]
[SourceQuality "1"]

1. c4 Nf6 2. Nc3 e6 3. d4 Bb4 4. Nf3 0-0 5. Bg5 c5 6. a3 Bxc3+ 7. bxc3 d6 8. Nd2 h6 9. Bh4 e5 10. d5 e4 11. Nxe4 g5 12. Nxg5 hxg5 13. Bxg5 Nbd7 14. f3 Re8 15. Qd2 Qe7 16. e4 Nxe4 17. fxe4 Qxe4+ 18. Kf2 Ne5 19. h3 Bf5 20. Re1 Nd3+ 21. Bxd3 Qxd3 22. Qf4 Qc2+ 23. Kg3 Qxc3+ 24. Kh2 Rxe1 25. Rxe1 f6 26. Re7 Kf8 27. Qxd6 1-0

[Event "Vlissingen HZ op 08th"]
[Site "Vlissingen"]
[Date "2004.08.13"]
[Round "8"]
[White "Peek, Maurice"]
[Black "Floor, Dirk"]
[Result "1/2-1/2"]
[WhiteElo "2348"]
[BlackElo "2181"]
[PlyCount "83"]
[EventDate "2004.08.07"]
[EventType "swiss"]
[EventRounds "9"]
[EventCountry "NED"]
[SourceTitle "CBM 101 Extra"]
[Source "ChessBase"]
[SourceDate "2004.09.01"]
[SourceVersion "2"]
[SourceVersionDate "2004.09.01"]
[SourceQuality "1"]

1. d4 Nf6 2. c4 e6 3. g3 c5 4. d5 exd5 5. cxd5 d6 6. Nc3 g6 7. Bg2 Bg7 8. Nf3 0-0 9. 0-0 a6 10. a4 Re8 11. Nd2 Nbd7 12. h3 Rb8 13. Nc4 Ne5 14. Na3 Nh5 15. Ne4 b5 16. axb5 axb5 17. f4 Nc4 18. Nxc4 bxc4 19. Kh2 Rb3 20. Nc3 Bxc3 21. bxc3 Rxc3 22. Rf3 Rxf3 23. Bxf3 Qf6 24. Ra4 Qc3 25. Bd2 Qb3 26. Qxb3 cxb3 27. Bc3 Bd7 28. Ra6 Bb5 29. Rxd6 Bxe2 30. Bxh5 gxh5 31. Rb6 Bc4 32. d6 Be6 33. Bf6 h6 34. Rb7 Kh7 35. d7 Bxd7 36. Rxd7 b2 37. Bxb2 Re2+ 38. Kg1 Rxb2 39. Rxf7+ Kg6 40. Rc7 Rc2 41. Rc6+ Kf5 42. Rxh6 1/2-1/2

[Event "Vlissingen HZ op 08th"]
[Site "Vlissingen"]
[Date "2004.08.09"]
[Round "4"]
[White "Peek, Maurice"]
[Black "Tiviakov, Sergei"]
[Result "1/2-1/2"]
[WhiteElo "2348"]
[BlackElo "2601"]
[PlyCount "30"]
[EventDate "2004.08.07"]
[EventType "swiss"]
[EventRounds "9"]
[EventCountry "NED"]
[SourceTitle "CBM 101 Extra"]
[Source "ChessBase"]
[SourceDate "2004.09.01"]
[SourceVersion "2"]
[SourceVersionDate "2004.09.01"]
[SourceQuality "1"]

1. d4 Nf6 2. c4 e6 3. g3 d5 4. Bg2 Bb4+ 5. Nd2 0-0 6. Ngf3 dxc4 7. Qc2 c5 8. Qxc4 Nc6 9. dxc5 Qe7 10. 0-0 Bxc5 11. Ng5 Ne5 12. Qc2 Bb6 13. Nde4 Ng6 14. Nxf6+ Qxf6 15. h4 h6 1/2-1/2

[Event "Dieren op"]
[Site "Dieren"]
[Date "2002.07.16"]
[Round "7"]
[White "Peek, Maurice"]
[Black "Nijboer, Friso"]
[Result "0-1"]
[WhiteElo "2275"]
[BlackElo "2567"]
[PlyCount "80"]
[EventDate "2002.07.09"]
[EventType "swiss"]
[EventRounds "9"]
[EventCountry "NED"]
[SourceTitle "CBM 089 Extra"]
[Source "ChessBase"]
[SourceDate "2002.09.10"]
[SourceVersion "2"]
[SourceVersionDate "2002.09.10"]
[SourceQuality "1"]

1. d4 Nf6 2. c4 g6 3. Nc3 Bg7 4. e4 d6 5. h3 0-0 6. Bg5 Na6 7. Nf3 e5 8. d5 Bd7 9. a3 h6 10. Be3 Nc5 11. Nd2 Qe8 12. g4 a5 13. b4 Na4 14. Nxa4 Bxa4 15. Qb1 c6 16. Bd3 b5 17. dxc6 Qxc6 18. 0-0 Rab8 19. Rc1 Qd7 20. cxb5 Bxb5 21. Nc4 Bxc4 22. Bxc4 Rfc8 23. b5 d5 24. Bxd5 Rxc1+ 25. Qxc1 Nxd5 26. exd5 Rxb5 27. Bxh6 Rxd5 28. Be3 a4 29. Rb1 Rd3 30. Kh2 Rb3 31. Rb2 Qb7 32. Rc2 Qf3 33. Rc5 Rd3 34. Qg1 Rxa3 35. Rc8+ Kh7 36. g5 e4 37. Rc5 Rc3 38. Ra5 a3 39. Qb1 Rd3 40. Qa2 Rd1 0-1

[Event "Hoogeveen Essent op"]
[Site "Hoogeveen"]
[Date "2001.10.18"]
[Round "7"]
[White "Afek, Yochanan"]
[Black "Peek, Maurice"]
[Result "0-1"]
[WhiteElo "2369"]
[BlackElo "2309"]
[PlyCount "114"]
[EventDate "2001.10.12"]
[EventType "swiss"]
[EventRounds "9"]
[EventCountry "NED"]
[SourceTitle "CBM 084 Extra"]
[Source "ChessBase"]
[SourceDate "2001.10.26"]
[SourceVersion "1"]
[SourceVersionDate "2001.10.26"]
[SourceQuality "1"]

1. e4 d5 2. exd5 Nf6 3. c4 c6 4. d4 cxd5 5. Nc3 g6 6. Qb3 Bg7 7. cxd5 0-0 8. Be2 Re8 9. Bf4 e6 10. d6 Nc6 11. Nf3 Nh5 12. Be5 f6 13. g4 fxe5 14. gxh5 exd4 15. Nb5 Rf8 16. Nc7 Rb8 17. Nxe6 Bxe6 18. Qxe6+ Kh8 19. hxg6 d3 20. Qh3 h6 21. Bxd3 Qxd6 22. Rd1 Qf4 23. 0-0 Qxf3 24. Qxf3 Rxf3 25. Be4 Rf4 26. f3 Bxb2 27. Rd7 Bg7 28. Rb1 Ne5 29. Rdxb7 Rxb7 30. Rxb7 Nxf3+ 31. Bxf3 Rxf3 32. Kg2 Rf6 33. Rxa7 Rxg6+ 34. Kh3 Re6 35. a4 Re2 36. a5 Kh7 37. Kg3 Kg6 38. h3 Ra2 39. a6 Ra3+ 40. Kg2 h5 41. Ra8 h4 42. Ra7 Bf6 43. Ra8 Kf5 44. a7 Be7 45. Kf1 Ke4 46. Kg2 Ra2+ 47. Kf1 Ke3 48. Rb8 Rxa7 49. Rb3+ Kf4 50. Kg2 Ra2+ 51. Kh1 Ke4 52. Rb7 Bd6 53. Rb3 Bf4 54. Kg1 Be3+ 55. Kh1 Kf3 56. Rc3 Re2 57. Rc4 Re1+ 0-1

[Event "Venlo VSV 75 A1"]
[Site "Venlo"]
[Date "2000.08.26"]
[Round "2"]
[White "Peek, Maurice"]
[Black "Klip, Hans"]
[Result "1/2-1/2"]
[WhiteElo "2288"]
[BlackElo "2322"]
[PlyCount "44"]
[EventDate "2000.08.25"]
[EventType "tourn"]
[EventRounds "3"]
[EventCountry "NED"]
[SourceTitle "EXT 2013"]
[Source "ChessBase"]
[SourceDate "2012.11.22"]
[SourceVersion "1"]
[SourceVersionDate "2012.11.22"]
[SourceQuality "1"]

1. d4 f5 2. Nc3 Nf6 3. Bg5 e6 4. e4 fxe4 5. Nxe4 Be7 6. Nxf6+ Bxf6 7. h4 Bxg5 8. Qh5+ g6 9. Qxg5 Qxg5 10. hxg5 0-0 11. Nf3 Nc6 12. c3 d6 13. Nd2 d5 14. Bb5 Rf5 15. Nf3 e5 16. Bxc6 bxc6 17. Nxe5 Ba6 18. Nxc6 Re8+ 19. Ne5 Rxg5 20. Rg1 Rgxe5+ 21. dxe5 Rxe5+ 22. Kd1 Re2 1/2-1/2

[Event "LiSB-ch"]
[Site "Heerlen"]
[Date "1999.11.27"]
[Round "5"]
[White "Dambacher, Martijn"]
[Black "Peek, Maurice"]
[Result "0-1"]
[WhiteElo "2313"]
[BlackElo "2313"]
[PlyCount "62"]
[EventDate "1999.11.20"]
[EventType "swiss"]
[EventRounds "7"]
[EventCountry "NED"]
[SourceTitle "EXT 2002"]
[Source "ChessBase"]
[SourceDate "2001.11.25"]
[SourceVersion "1"]
[SourceVersionDate "2001.11.25"]
[SourceQuality "1"]

1. e4 Nc6 2. Nc3 e5 3. f4 d6 4. Nf3 Bg4 5. Bb5 a6 6. Bxc6+ bxc6 7. h3 Bxf3 8. Qxf3 exf4 9. 0-0 g5 10. g3 h5 11. h4 gxh4 12. d4 Qd7 13. gxf4 Qg4+ 14. Kf2 Nf6 15. Rg1 Qxf3+ 16. Kxf3 d5 17. f5 Be7 18. e5 Ng4 19. f6 Bf8 20. Rh1 c5 21. Bf4 cxd4 22. Nxd5 0-0-0 23. c4 dxc3 24. Nxc3 Rd3+ 25. Ke2 Rd4 26. Raf1 Bc5 27. a3 Re8 28. b4 Bd6 29. Rf3 Bxe5 30. Bxe5 Rxe5+ 31. Kf1 Rd2 0-1